| 000 | 00612nam a22001815i 4500 | ||
|---|---|---|---|
| 001 | 165568 | ||
| 003 | ES-MaACL | ||
| 005 | 20230906213150.0 | ||
| 008 | 050826s1889 fr | |||||||| ||fre d | ||
| 040 |
_aCAM _bspa _cCAM |
||
| 100 | 1 |
_aSorel, Georges. _9107335 |
|
| 245 | 1 | 3 |
_aLe procès de Socrate _b: examen critique des thèses socratiques / _cpar G. Sorel. |
| 260 |
_aParis : _bFélix Alcan éditeur, _c1889. |
||
| 300 |
_a396 p. ; _c19 cm. |
||
| 600 | 1 | 4 |
_aSócrates- _xCrítica e interpretación. _9107014 |
| 752 |
_aFrancia - _dParís |
||
| 852 |
_aES-MaACL _jF-15025 _z-- Rust. falto de la cub. posterior |
||
| 999 |
_c165568 _d165568 |
||